[Event "Medellin Antioquia 2nd League"]
[Site "Medellin"]
[Date "2021.??.??"]
[Round "2"]
[White "Duque Munera, Emanuel"]
[Black "Ruiz Agudelo, Jeronimo"]
[Result "1-0"]
[WhiteElo "1523"]
[BlackElo "1600"]
[PlyCount "50"]
[EventDate "2021.08.31"]
[EventType "swiss"]
[EventRounds "7"]
[EventCountry "COL"]
[SourceTitle "CBM 204 Extra"]
[Source "ChessBase"]
[SourceDate "2021.11.30"]
[SourceVersion "1"]
[SourceVersionDate "2021.11.30"]
[SourceQuality "1"]

1. d4 Nf6 2. Bf4 d5 3. e3 c5 4. Nd2 Nc6 5. c3 cxd4 6. exd4 Bf5 7. Ngf3 e6 8. Qb3 Qc8 9. h3 h6 10. Be2 Be7 11. a4 Ne4 12. Nxe4 Bxe4 13. 0-0 0-0 14. Bh2 Na5 15. Qa2 a6 16. Nd2 Bh7 17. b4 Nc6 18. Qb2 Qd7 19. Nb3 Bd6 20. Nc5 Bxh2+ 21. Kxh2 Qd6+ 22. Kg1 Ne7 23. b5 axb5 24. axb5 b6 25. Na6 Qf4 1-0

[Event "Medellin Antioquia 2nd League"]
[Site "Medellin"]
[Date "2021.??.??"]
[Round "7"]
[White "Toro Ramirez, Samuel"]
[Black "Duque Munera, Emanuel"]
[Result "1/2-1/2"]
[WhiteElo "1434"]
[BlackElo "1523"]
[PlyCount "83"]
[EventDate "2021.08.31"]
[EventType "swiss"]
[EventRounds "7"]
[EventCountry "COL"]
[SourceTitle "CBM 204 Extra"]
[Source "ChessBase"]
[SourceDate "2021.11.30"]
[SourceVersion "1"]
[SourceVersionDate "2021.11.30"]
[SourceQuality "1"]

1. e4 c5 2. Nf3 d6 3. g3 Nc6 4. Bg2 g6 5. 0-0 Bg7 6. c3 e5 7. d3 Nge7 8. Na3 0-0 9. Nc2 f5 10. Bg5 h6 11. Bxe7 Qxe7 12. Qe2 Qf6 13. exf5 Bxf5 14. Ne3 Be6 15. Nd2 Kh7 16. f4 Qe7 17. fxe5 Bxe5 18. Rxf8 Rxf8 19. a3 Qd7 20. Ne4 Bg7 21. Rf1 Rxf1+ 22. Qxf1 Qe7 23. Nd2 Bg8 24. Nd5 Qg5 25. Ne4 Qe5 26. Nef6+ Bxf6 27. Qxf6 Bxd5 28. Qxe5 Nxe5 29. Bxd5 Nxd3 30. Bxb7 Nxb2 31. Kf1 Na4 32. c4 Nb6 33. Ba6 Kg7 34. Ke2 Kf6 35. Ke3 Ke5 36. Bb5 a5 37. Kd3 Kf5 38. h3 g5 39. Be8 Ke5 40. h4 Kf5 41. hxg5 Kxg5 42. Bb5 1/2-1/2

[Event "Medellin Aristizabal Cup"]
[Site "Medellin"]
[Date "2020.02.01"]
[Round "4"]
[White "Luna Monsalve, Sofia"]
[Black "Duque Munera, Emanuel"]
[Result "0-1"]
[WhiteElo "1206"]
[BlackElo "1600"]
[PlyCount "68"]
[EventDate "2020.01.29"]
[EventType "swiss"]
[EventRounds "7"]
[EventCountry "COL"]
[SourceTitle "CBM 194 Extra"]
[Source "ChessBase"]
[SourceDate "2020.03.31"]
[SourceVersion "1"]
[SourceVersionDate "2020.03.31"]
[SourceQuality "1"]

1. d4 Nf6 2. c4 g6 3. Nc3 Bg7 4. e4 d6 5. f4 e5 6. d5 c6 7. Nf3 0-0 8. Bd3 cxd5 9. cxd5 Nbd7 10. 0-0 Qb6+ 11. Kh1 Re8 12. fxe5 dxe5 13. Qb3 Nc5 14. Qxb6 axb6 15. Bc2 Nh5 16. Be3 Bd7 17. b4 Na6 18. Rab1 Rec8 19. Rb3 Nxb4 20. Rb2 Rxc3 21. Rxb4 Rxe3 22. Rxb6 Rxa2 23. Rxb7 Be8 24. Rb8 Kf8 25. d6 Nf6 26. Bb1 Nd7 27. Rxe8+ Kxe8 28. Bxa2 f6 29. Bg8 Nf8 30. Nd2 Kd7 31. Rb1 h5 32. Rb7+ Kc8 33. Rxg7 Re1+ 34. Nf1 Rxf1# 0-1